000 00732nam a22002177a 4500
003 DO-SdBNP
005 20171129152159.0
008 171116b 1990 nyu ||||| |||| 00| 0 spa d
020 _a0451524136
040 _aBPMSU
_bspa
_cBPMSU
092 _axxxx
_bxxxx
100 1 _aFrost, Robert
245 1 0 _aA boy's will and North of Boston /
_cby Robert Frost ; introduction by William H. Pritchard.
260 _aNew York :
_bNew American Library,
_c1990.
300 _a160 p. ;
_c18 cm.
500 _aPrimera impresión clásica de Signet, enero de 1990.
700 1 2 _aPritchard, William H.,
_eintrod.
942 _2ddc
_cBK
945 _aInventariado extranjero / 2017 YL
956 _aLOPEREZ
_b10
_c20171116
_h0041
_iBPMSU
999 _c12917
_d12917